| 000 | 01496nam a2200337 a 4500 | ||
|---|---|---|---|
| 001 | ebr10183536 | ||
| 003 | CaPaEBR | ||
| 006 | m u | ||
| 007 | cr cn||||||||| | ||
| 008 | 060601s2006 nyua sb 001 0 eng | ||
| 010 | _z 2006018056 | ||
| 020 | _z0231134886 (cloth : alk. paper) | ||
| 020 | _z0231134894 (pbk. : alk. paper) | ||
| 020 | _z0231509111 (ebook) | ||
| 040 |
_aCaPaEBR _cCaPaEBR |
||
| 035 | _a(OCoLC)614999068 | ||
| 050 | 1 | 4 |
_aBM45 _b.S226 2006eb |
| 082 | 0 | 4 |
_a296 _222 |
| 100 | 1 | _aSatlow, Michael L. | |
| 245 | 1 | 0 |
_aCreating Judaism _h[electronic resource] : _bhistory, tradition, practice / _cMichael L. Satlow. |
| 260 |
_aNew York : _bColumbia University Press, _cc2006. |
||
| 300 |
_axii, 340 p. : _bill. |
||
| 504 | _aIncludes bibliographical references (p. 307-324) and index. | ||
| 505 | 0 | _aIntroduction -- Promised lands -- Creating Judaism -- Between Athens and Jerusalem -- The rabbis -- Rabbinic concepts -- Mitzvot -- The rise of reason -- From Moses to Moses -- Seeing God -- East and West -- Epilogue: Whither Judaism? | |
| 533 |
_aElectronic reproduction. _bPalo Alto, Calif. : _cebrary, _d2013. _nAvailable via World Wide Web. _nAccess may be limited to ebrary affiliated libraries. |
||
| 650 | 0 | _aJudaism. | |
| 650 | 0 |
_aJews _xIdentity. |
|
| 655 | 7 |
_aElectronic books. _2local |
|
| 710 | 2 | _aebrary, Inc. | |
| 856 | 4 | 0 |
_uhttp://site.ebrary.com/lib/rucke/Doc?id=10183536 _zAn electronic book accessible through the World Wide Web; click to view |
| 999 |
_c145533 _d145533 |
||